Transformation Design : Perspectives on a New Design Attitude /

Transformation design is looking for new ways to change our behavior and society through new forms of innovation, and it has already leaded to a fruitful discourse. The book attempts to form an initial position in terms of this ambitious and ethical design perspective. It also seeks to inspire the i...

Descrizione completa

Salvato in:
Dettagli Bibliografici
Altri autori: Jonas, Wolfgang, von Anshelm, Kristof, Zerwas, Sarah
Natura: eBook
Lingua:inglese
Pubblicazione: Basel : Birkhäuser, 2015
©2015
Serie:Board of International Research in Design
Soggetti:
Tags: Aggiungi Tag
Nessun Tag, puoi essere il primo ad aggiungerne!!

MARC

LEADER 00000nam a22000005i 4500
001 0022802
003 SK-STU
005 20240513152908.2
006 m|||||||||||||||||
007 cr || ||||||||
008 151208s2015||||gw |||||ob||||||| 0|eng|d
020 |a 9783035606539 
024 7 |a 10.1515/9783035606539  |2 doi 
040 |a DE-B1597  |b eng  |c DE-B1597 
041 0 |a eng 
245 0 0 |a Transformation Design :  |b Perspectives on a New Design Attitude /  |c Wolfgang Jonas, Sarah Zerwas, Kristof von Anshelm. 
260 |a Basel :  |b Birkhäuser,  |c 2015 
260 |c ©2015 
300 |a 1 online resource 
490 0 |a Board of International Research in Design 
520 |a Transformation design is looking for new ways to change our behavior and society through new forms of innovation, and it has already leaded to a fruitful discourse. The book attempts to form an initial position in terms of this ambitious and ethical design perspective. It also seeks to inspire the international debate to push for a project of responsible design. 
541 |a Projekt č. 16-613-03703 - Fond na podporu umenia 
650 4 |a Architecture 
650 4 |a Studies 
650 4 |a Professional Practice 
650 0 0 |a architektonické navrhovanie 
650 0 0 |a výskum 
650 0 0 |a inovácie 
650 0 0 |a metódy navrhovania 
650 0 0 |a architektonická tvorba 
650 0 0 |a nástroje 
650 0 0 |a dizajn 
700 1 |a Jonas, Wolfgang 
700 1 |a von Anshelm, Kristof 
700 1 |a Zerwas, Sarah 
996 |c A* 10156/E  |l AAKNST  |s P  |a 0  |w 0022802_0001